02668nam a22003014c 4500003000900000008004100009020001800050040003100068041001900099080001100118100002200129245005700151250002200208264004400230300004100274336002700315337003300342338002800375490004000403505115000443520055301593521002502146650002702171650003702198942001402235999001302249952010402262AR-BaSMT260409b2025 aga|||br|||| 001 1 spa d a9789878448459 aBSGBbespañolcBSGBerda0 aspahespañol a82-3431 aCalifa, Oche934710aContame por qué... : bmitos y leyendas americanos aPrimera edición 1aBuenos aires : bLa estación , c2025 a48 páginas ; bilustraciones color 2rdacontentatextobtxt 2rdamediaasin mediaciónbn 2rdacarrieravolumenbnc aMáquina de hacer lectores. Verdes aÍNDICE: ¿POR QUÉ SON ASÍ LOS ANIMALES Y LAS PLANTAS? ¿Por qué el sapo tiene el cuerpo achatado?, página 8 ¿Por qué los perros se huelen la colas?, página 10 ¿Por qué el tigre odia al zorro?, página 12 ¿Por qué se erizan los gatos? , página 15 ¿Por qué la tortuga tiene ese aspecto?, página 16 ¿Por qué la gallina picotea en la tierra y come lombrices?, página 18 ¿Por qué el cóndor tiene golilla?, página 20 ¿Por qué existen los peces y las focas?, página 24 ¿Por qué los hombres no tienen cola y los monos sí?, página 27 ¿Por qué el palo santo sirve para ahuyentar mosquitos?, página 28 ¿Por qué las flores del michay son rojas y amarillas?, página 32 ¿POR QUÉ SON ASÍ LAS COSAS? ¿Por qué sopla el viento zonda?, página 36 ¿Por qué el sol alumbra más que la luna?, página 39 ¿Por qué nos enamoramos?, página 40 ¿Por qué no llueve sobre la costa del Perú? página 42 ¿Por qué hay personas de diferentes tamaños?, página 44 ¿Por qué se producen los eclípces?, página 46 ¿Por qué existen las llanuras y las montañas?, página 47  aContame por qué… reúne mitos, cuentos populares y leyendas de nuestro continente recopilados por Oche Califa, un escritor amante de las historias que se cuentan en distintos pueblos de América desde tiempos antiguos para explicar el origen de las cosas. En estas páginas se responde a una veintena de preguntas míticas, tales como por qué nos enamoramos, por qué el Sol alumbra más que la Luna, por qué se erizan los gatos y muchas otras que vale la pena descubrir.uhttps://laestacioneditora.com/books/contame-por-que 0904/2026 aA partir de 9 años 798aLITERATURA INFANTIL 79103aMITOS Y LEYENDASzArgentina 2ddcaBOOK c620d620 00102ddc40aBSGBbBSGBcMarrónedonación editoriali000865l0o82-343 CALp000865t1yBOOKf